Brihat jataka = Bṛhajjātakam
| Subtitles: | Bṛhajjātakam |
|---|---|
| Main Author: | |
| Contributors: | |
| Format: | Print Book |
| Language: | Sanskrit English |
| Subito Delivery Service: | Order now. |
| Check availability: | HBZ Gateway |
| WorldCat: | WorldCat |
| Interlibrary Loan: | Interlibrary Loan for the Fachinformationsdienste (Specialized Information Services in Germany) |
| Published: |
New Delhi
Ranjan Publ.
1995
|
| In: | Year: 1995 |
| Edition: | 1. ed. |
| Standardized Subjects / Keyword chains: | B
India
/ Hinduism
/ Astrology
/ History 500-600
B India / Hinduism / Astronomy / History 500-600 B Varāhamihira 505-587, Bṛhajjātaka |
| Further subjects: | B
Commentary
B Spring |
MARC
| LEADER | 00000cam a2200000 c 4500 | ||
|---|---|---|---|
| 001 | 1129380203 | ||
| 003 | DE-627 | ||
| 005 | 20240501193919.0 | ||
| 007 | tu | ||
| 008 | 970604s1995 xx ||||| 00| ||san c | ||
| 035 | |a (DE-627)1129380203 | ||
| 035 | |a (DE-576)059380209 | ||
| 035 | |a (DE-599)BSZ059380209 | ||
| 035 | |a (OCoLC)247746495 | ||
| 040 | |a DE-627 |b ger |c DE-627 |e rakwb | ||
| 041 | |a san |a eng | ||
| 084 | |a 0 |2 ssgn | ||
| 084 | |a BE 8030 |2 rvk |0 (DE-625)rvk/10663: | ||
| 100 | 0 | |0 (DE-588)119297108 |0 (DE-627)08010343X |0 (DE-576)165043857 |4 aut |a Varāhamihira |d 505-587 | |
| 109 | |a Varāhamihiurācārya 505-587 |a Varaha-Mihara 505-587 |a Varākar 505-587 |a Varahamihiracharya 505-587 |a Varāmihira Ācārya 505-587 |a Bha-ra-ha, Bram-ze 505-587 |a Warahamihira 505-587 |a Bram-ze Bha-ra-ha 505-587 |a Varāhamihira 505-587 |a Varāmihira Daivanña 505-587 |a Varāhamihira Daivanña 505-587 |a Varāhamihirācārya 505-587 |a Varāhamihira Ācārya 505-587 |a Varāha Mihira 505-587 |a Mihira, Varāha 505-587 |a Varâha Mihira 505-587 | ||
| 240 | 1 | 0 | |a Bṛhajjātaka |
| 245 | 1 | 0 | |a Brihat jataka |b = Bṛhajjātakam |c by Varahamihira. Text with translations and notes by P. S. Sastri |
| 246 | 3 | 1 | |a Bṛhajjātakam |
| 246 | 3 | 3 | |a Bṛhajjātakam |
| 250 | |a 1. ed. | ||
| 264 | 1 | |a New Delhi |b Ranjan Publ. |c 1995 | |
| 300 | |a VIII, 219 S. | ||
| 336 | |a Text |b txt |2 rdacontent | ||
| 337 | |a ohne Hilfsmittel zu benutzen |b n |2 rdamedia | ||
| 338 | |a Band |b nc |2 rdacarrier | ||
| 500 | |a Text Sanskrit u. engl., Anmerkungen engl. - Umschlagt.: Acharya Varahamihira's Brihat Jatak | ||
| 583 | 1 | |a Archivierung prüfen |c 20200919 |f DE-640 |z 1 |2 pdager | |
| 583 | 1 | |a Archivierung/Langzeitarchivierung gewährleistet |f SSG |x XA-DE-BW |2 pdager |5 DE-21 | |
| 655 | 7 | |a Quelle |0 (DE-588)4135952-5 |0 (DE-627)105661236 |0 (DE-576)209665084 |2 gnd-content | |
| 655 | 7 | |a Kommentar |0 (DE-588)4136710-8 |0 (DE-627)104500719 |0 (DE-576)209671467 |2 gnd-content | |
| 689 | 0 | 0 | |d g |0 (DE-588)4026722-2 |0 (DE-627)104585129 |0 (DE-576)208967699 |2 gnd |a Indien |
| 689 | 0 | 1 | |d s |0 (DE-588)4024955-4 |0 (DE-627)106295438 |0 (DE-576)208958487 |2 gnd |a Hinduismus |
| 689 | 0 | 2 | |d s |0 (DE-588)4003305-3 |0 (DE-627)10638998X |0 (DE-576)208851089 |2 gnd |a Astrologie |
| 689 | 0 | 3 | |q z |2 gnd |a Geschichte 500-600 |
| 689 | 0 | |5 (DE-627) | |
| 689 | 1 | 0 | |d g |0 (DE-588)4026722-2 |0 (DE-627)104585129 |0 (DE-576)208967699 |2 gnd |a Indien |
| 689 | 1 | 1 | |d s |0 (DE-588)4024955-4 |0 (DE-627)106295438 |0 (DE-576)208958487 |2 gnd |a Hinduismus |
| 689 | 1 | 2 | |d s |0 (DE-588)4003311-9 |0 (DE-627)106389963 |0 (DE-576)208851119 |2 gnd |a Astronomie |
| 689 | 1 | 3 | |q z |2 gnd |a Geschichte 500-600 |
| 689 | 1 | |5 (DE-627) | |
| 689 | 2 | 0 | |d u |0 (DE-588)4531533-4 |0 (DE-627)26507505X |0 (DE-576)213374218 |a Varāhamihira |2 gnd |d 505-587 |t Bṛhajjātaka |
| 689 | 2 | |5 (DE-627) | |
| 700 | 1 | |e Hrsg. |0 (DE-588)114560174X |0 (DE-627)1006810382 |0 (DE-576)165001305 |4 edt |a Sastri, Pothukuchi Subrahmanya | |
| 700 | 0 | 2 | |a Varāhamihira |d 505-587 |t Bṛhajjātaka |
| 935 | |a mteo | ||
| 936 | r | v | |a BE 8030 |b Gesamtdarstellungen |k Theologie und Religionswissenschaften |k Religionswissenschaft |k Religionsgeschichte |k Indien |k Hinduismus, Bhakti |k Gesamtdarstellungen |0 (DE-627)1270653873 |0 (DE-625)rvk/10663: |0 (DE-576)200653873 |
| 936 | r | u | |a EV 339 |b Wissenschaftliche Literatur |k Allgemeine und vergleichende Sprach- und Literaturwissenschaft. Indogermanistik. Außereuropäische Sprachen und Literaturen |k Indoiranische Sprachen und Literaturen (unter Einschluss nichtindogermanischer Sprachen) |k Indische Sprachen und Literaturen |k Indische Literaturen |k Texte in indogermanischen Sprachen |k Altindische religiöse Literatur (= Literatur des Brahmanismus) |k Klassische Literatur in Sanskrit |k Wissenschaftliche Literatur |0 (DE-627)1271412357 |0 (DE-625)rvk/28281: |0 (DE-576)201412357 |z Ungueltig |
| 936 | r | u | |a EV 435 |b Brahmanismus, Hinduismus |k Allgemeine und vergleichende Sprach- und Literaturwissenschaft. Indogermanistik. Außereuropäische Sprachen und Literaturen |k Indoiranische Sprachen und Literaturen (unter Einschluss nichtindogermanischer Sprachen) |k Indische Sprachen und Literaturen |k Realien |k Religion und Philosophie |k Brahmanismus, Hinduismus |0 (DE-627)1271412659 |0 (DE-625)rvk/28333: |0 (DE-576)201412659 |z Ungueltig |
| 951 | |a BO | ||
| ELC | |b 1 | ||
| ITA | |a 1 |t 1 | ||
| LOK | |0 000 xxxxxcx a22 zn 4500 | ||
| LOK | |0 001 2306157324 | ||
| LOK | |0 003 DE-627 | ||
| LOK | |0 004 1129380203 | ||
| LOK | |0 005 20190315083853 | ||
| LOK | |0 008 970604||||||||||||||||ger||||||| | ||
| LOK | |0 040 |a DE-21 |c DE-627 |d DE-21 | ||
| LOK | |0 689 |a s |a Sprache: Sanskrit | ||
| LOK | |0 852 |a DE-21 | ||
| LOK | |0 852 1 |c 37 A 7181 |9 00 | ||
| LOK | |0 935 |a sued | ||
| LOK | |0 936ln |a s11.3 | ||
| LOK | |0 936ln |a s4.3 | ||
| LOK | |0 939 |a 04-06-97 |b l01 | ||
| ORI | |a SA-MARC-ixtheoa001.raw | ||
| REL | |a 1 | ||
| STA | 0 | 0 | |a Astrology,Astrology,Horoscopy,Astrology in art,Astronomy,Astronomy,Hinduism,Hinduism,India,India,India,India,India,India,India,India,Southern India,Northeastern India,Northwestern India,Southeastern India,Northern India,Western India |
| STB | 0 | 0 | |a Astrologie,Astrologie,Astronomie,Astronomie,Hindouisme,Hindouisme,Inde |
| STC | 0 | 0 | |a Astrología,Astrología,Astronomía,Astronomía,Hinduismo,Hinduismo,India |
| STD | 0 | 0 | |a Astrologia,Astrologia,Astronomia,Astronomia,India,Induismo,Induismo |
| STE | 0 | 0 | |a 占星学,占星术,印度,印度教,天文学,天文学 |
| STF | 0 | 0 | |a 占星學,占星術,印度,印度教,天文學,天文學 |
| STG | 0 | 0 | |a Astrologia,Astrologia,Astronomia,Astronomia,Hinduísmo,Hinduísmo,Índia |
| STH | 0 | 0 | |a Астрология (мотив),Астрология,Астрономия (мотив),Астрономия,Индия (мотив),Индуизм (мотив),Индуизм |
| STI | 0 | 0 | |a Αστρολογία (μοτίβο),Αστρολογία,Αστρονομία (μοτίβο),Αστρονομία,Ινδία (μοτίβο),Ινδουισμός (μοτίβο),Ινδουισμός |
| SUB | |a REL | ||
| SYG | 0 | 0 | |a India , Bharat,Indische Union,Altindien,Hindustan,Hindostan,Indien,Indie,Indian Union,Bhārata Gaṇarājya,Bhārata,Indien,Republik Indien,Indien,Dominion of India,India,Republic of India,Inde,Indië,Bharata,Indiia,Indland,Hindiston Respublikasi,Satharanarat 'India,Yin-tu , Hinduism,Brahmanismus,Vedic religion , Horoskopie,Kosmopsychologie,Sterndeutung,Sternglaube , India , Bharat,Indische Union,Altindien,Hindustan,Hindostan,Indien,Indie,Indian Union,Bhārata Gaṇarājya,Bhārata,Indien,Republik Indien,Indien,Dominion of India,India,Republic of India,Inde,Indië,Bharata,Indiia,Indland,Hindiston Respublikasi,Satharanarat 'India,Yin-tu , Hinduism,Brahmanismus,Vedic religion , Himmelskunde,Sternkunde,Astronomy , Varāhamihira,505-587,Horāśāstra,Varāhamihira,505-587,Brihat Jataka,Varāhamihira,505-587,Bṛhaj-Jātaka,Varāhamihira,505-587,Varahahorashastra,Varāhamihira,505-587,Varahamihirahorashastra,Varāhamihira,505-587,Bṛihaj-jātaka,Varāhamihira,505-587,Hora Sastra |
| TIM | |a 100005000101_100006001231 |b Geschichte 500-600 | ||



